Statistics for Christian Majority Border Countries

Click here to take the quiz!

General Stats

  • This quiz has been taken 26 times
    (10 since last reset)
  • The average score is 16 of 26

Answer Stats

Christian Border CountriesPercent Christian:Most Common Religion:Answer% Correct
Ghana39.8%IslamCôte d'Ivoire
78%
Belgium, Germany43.8%Atheist/AgnosticNetherlands
78%
Cameroon45.9%IslamNigeria
78%
Armenia, Georgia, Bulgaria, Greece0.2%IslamTurkey
78%
Montenegro, Greece, North Macedonia17%IslamAlbania
67%
Serbia, Croatia, Montenegro45.9%IslamBosnia and Herzegovina
67%
Russia3.5%Atheist/AgnosticChina
67%
Austria, Germany, Slovakia11.7%Atheist/AgnosticCzechia
67%
Russia, Latvia26.8%Atheist/AgnosticEstonia
67%
Liberia8.9%IslamGuinea
67%
East Timor10.5%IslamIndonesia
67%
Armenia1.5%IslamIran
67%
Kenya, Ethiopia0.01%IslamSomalia
67%
Ireland47.7%ChristianityUnited Kingdom
67%
Armenia, Georgia, Russia3.1%IslamAzerbaijan
56%
Ghana26.3%IslamBurkina Faso
56%
Cameroon, Central African Republic35%IslamChad
56%
Eritrea, Ethiopia6%IslamDjibouti
56%
Russia17.2%IslamKazakhstan
56%
Montenegro, Serbia, North Macedonia8.3%IslamKosovo
56%
Russia1.3%BuddhismMongolia
56%
Spain1%IslamMorocco
56%
Russia1.7%Atheist/AgnosticNorth Korea
56%
Liberia20.9%IslamSierra Leone
56%
Central African Republic, South Sudan, Ethiopia, Eritrea1.5%IslamSudan
56%
Ghana29%ChristianityTogo
56%

Score Distribution

Percentile by Number Answered

Percent of People with Each Score

Your Score History

You have not taken this quiz since the last reset